| 000 | 01176nam a22002537a 4500 | ||
|---|---|---|---|
| 001 | BD-DhSAU 9469 | ||
| 003 | BD-DhSAU | ||
| 005 | 20181211152155.0 | ||
| 008 | 150613b2006 bg a|||| m||| 00| 0 eng d | ||
| 040 | _aBD-DhSAU | ||
| 082 |
_222 _a630.715 _bIs43 |
||
| 100 |
_aIslam, Md. Sameul _eRegistration # 00555 |
||
| 245 |
_aAdoption of brinjal production technologies by the farmers of two selected villages of Islampur upazila in Jamalpur district / _bMS thesis _cMd. Sameul Islam |
||
| 260 |
_aSher-e-Bangla Agricultural University : _bDepartment of Agricultural Extension & Information System, _c2006. |
||
| 300 |
_aviii, 90 p. : _bill. ; _c30 cm. |
||
| 500 | _aMS thesis of Department of Agricultural Extension & Information System, Faculty of Agriculture, Sher-e-Bangla Agricultural University, Dhaka, Bangladesh | ||
| 504 | _aIncludes bibliographical reference. | ||
| 590 | _aJerin | ||
| 650 | _aAgricultural Extension & Information System | ||
| 700 |
_aIslam, Md. Rafiquel _eSuperviser |
||
| 700 |
_aBhuiyan, Mohammad Hossain _eCo-superviser |
||
| 856 | _uhttp://archive.saulibrary.edu.bd:8080/xmlui/handle/123456789/1564 | ||
| 942 |
_2ddc _cTHESIS |
||
| 999 |
_c9469 _d9469 |
||